Kvalita povrchu odliatkov a penetrácia samotvrdnúcich zmesí

Podrobná bibliografia
Hlavní autori: Bechný, Lubomír (Author), Konečný, Lubomír (Author)
Médium: Článok
Jazyk:Slovak
Témy:
Zdroj: 1. Práce a štúdie Vysokej školy dopravnej 1. Bratislava : Alfa, 1980 1. S. 33-49
LEADER 00944nab#a2200361#ar4500
001 000103470
003 SVKKK
005 20101227125905.0
008 101227c1980 xo |||||||||||||||b|slo
FMT
015 |a SNBRA2010/12 
038 |a SVKKK 
040 |a SVKKK  |b slo  |e AACR2 
041 0 |a slo 
044 |a xo  |c SK 
080 |a 621.74  |2 1997 
080 |a 620.179.111  |2 1997 
100 1 |a Bechný, Lubomír  |4 aut 
245 1 0 |a Kvalita povrchu odliatkov a penetrácia samotvrdnúcich zmesí  |c Lubomír Bechný, Lubomír Konečný 
300 |b Obr. 
504 |a Bibliogr. odkazy 
650 0 4 |a odliatky  |x kvalita povrchu 
650 0 4 |a samotvrdnúce zmesi 
650 0 4 |a penetrácia 
700 1 |a Konečný, Lubomír  |4 aut 
773 0 |t Práce a štúdie Vysokej školy dopravnej  |d Bratislava : Alfa, 1980  |g S. 33-49 
958 |a RK 
958 |a NB 
974 |a Ma 
992 |a RZB 
BAS
852 |a SVKKK  |b BIB 
998 |a HUT